LEADER 01417nam a2200277 4500 001 000000335422 003 CaOOAMICUS 005 20190724145129.0 008 190724s1791 it 000 u ita r 026 $aerhe ,ila o.t- vepa (3) 1791 (R) 040 $aSeMil$bita 100 11$aCecire, Antonio Maria,$d.$0(OLS)http://semarc/name/109980 245 03$aLa dottrina della Chiesa sulle indulgenze esposta e difesa da f. Antonio Maria Cecire minore conventuale per dimostrare il valore delle indulgenze contenute nella bolla-crociata pe' Regni delle due Sicilie. 264 1$aIn Napoli :$bNella Stamperia Simoniana,$c1791. 300 $a361, [1] p. ;$c8° 500 $aLa ?1 contiene l'errata 500 $aIniziali e fregi xilogr. 500 $aFregio xilogr. sul front. 500 $aSegn.: A-Y? Z? ?1 700 1 $aDi Simone,$c.$0(OLS)http://semarc/name/33740 752 $aIT$dNapoli 850 $aSeMil 852 $aSeMil$W1$xVenegono$y1$m3X II 119 FA$j214789$B227353$CSeMilBibl$Z2$F227353 $8I 996 $6245$aLa dottrina della Chiesa sulle indulgenze esposta e difesa da f. Antonio Maria Cecire minore conventuale per dimostrare il valore delle indulgenze contenute nella bolla-crociata pe' Regni delle due Sicilie$9(OLS)http://semarc/title/424862 996 $6264$aIn Napoli :$bNella Stamperia Simoniana$9(OLS)http://semarc/publisher/47784 LEADER 01349nam a2200229 i 4500 001 000000206422 003 CaOOAMICUS 005 20111004000000.0 008 111004s1921 it u000 u ita u 013 $a185191 040 $aSeMil$bita 100 1 $aRocca, Luigi.$0(OLS)http://semarc/name/37341 245 13$aIl Codice Trivulziano 1080 :$bdella Divina Commedia, riprodotto in elicromia sotto gli auspici della sezione milanese della Società Dantesca Italiana nel sesto centenario della morte del poeta /$cCon cenni storici e descrittivi di Luigi Rocca. 260 $aMilano :$bUlrico Hoepli,$c1921. 300 $a8 p., [214] p. di tav. ;$c39 cm. 500 $aRiproduzione facsimile del manoscritto. - [Ed. di 350 esempl. numerati]. 650 4$aAlighieri, Dante <1265-1321> . Divina Commedia - Manoscritti - Riproduzioni e facsimili - Ed. ante 1900.$0(OLS)http://semarc/subject/38774 850 $aSeMil 852 $aSeMil$W1$xVenegono$y1$m5O XII 30$j156905$B156905$CSeMilBibl$Z2$F168155 $8I 961 $aOmaggio: Altro 996 $6245$aIl Codice Trivulziano 1080 :$bdella Divina Commedia, riprodotto in elicromia sotto gli auspici della sezione milanese della Società Dantesca Italiana nel sesto centenario della morte del poeta$9(OLS)http://semarc/title/298596 996 $6260$aMilano :$bUlrico Hoepli$9(OLS)http://semarc/publisher/29765